000 00801nam a22002177a 4500
999 _c57563
_d57563
005 20200731120243.0
008 200731s2010 eng||||| |||| 00| 0 enk d
020 _a9783125399082
041 _aenk
080 _a811.111.1 E-56
245 _aEnglish Unlimited B1 - Pre-Intermediate :
_bTeacher's Pack /
_cAdrian Doff, Smith Howard, Rachel Thake, Lloyd Mark.
264 _aCambridge :
_bCambridge Press University,
_c2010.
300 _a128 p.
_b30 cm.
_cill. + CD
653 _aინგლისური ენა
653 _aგრამატიკა
700 _aDoff, Adrian
_eავტორი
_99086
700 _aHoward, Smith
_eავტორი
_99090
700 _aThake, Rachel
_eავტორი
_99091
700 _aMark, Lloyd
_eავტორი
_99092
942 _2udc
_cBK